الوجيز في الإجراءات الجنائية : (Record no. 24516)

MARC details
000 -الفاتح
حقل البيانات ثابتة الطول 01083nam a22002535a 4500
003 - محدد رقم الضبط
رقم الضبط OSt
005 - وقت وتاريخ اخر تعامل مع التسجيلة
رقم الضبط 20170322150335.0
008 - عناصر البيانات ثابتة الطول - معلومات عامة
حقل البيانات ثابتة الطول 170322s2016 ua frb 000 0 ara d
015 ## -
-- 2015 / 26158
020 ## - الرقم الدولى المعيارى للكتب
الرقم الدولى المعيارى للكتاب 9789770479599
040 ## - مصدر الفهرسة
وكالة الفهرسة الأصلية EG-ScBUE
لغة الفهرسة ara
وكالة النسخ EG-ScBUE
043 ## - رمز المنطقة الجغرافية
رمز المنطقة الجغرافية f-ua---
082 04 - رقم تصنيف ديوى العشرى
رقم التصنيف 345.6205
رقم المادة م ح م
رقم الطبعة 22
100 1# - المدخل الرئيسى - إسم شخصى
الإسم الشخصى محمد، بكري يوسف بكري.
245 12 - بيان العنوان
العنوان الوجيز في الإجراءات الجنائية :
بقية العنوان الدعاوي الناشئة عن الجريمة - جمع الاستدلالات والتحقيق الابتدائي - المحاكمة وطرق الطعن في الأحكام /
بيان المسئوليه,etc بكري يوسف بكري محمد.
260 ## - PUBLICATION, DISTRIBUTION, ETC. (IMPRINT)
مكان الناشر او الموزع القاهرة :
اسم الناشر او الموزع دار النهضة العربية،
تاريخ النشر أو التوزيع 2016.
300 ## - الوصف المادى
التعداد 531 ص. ؛
أبعاد الوعاء 24 سم.
504 ## - تبصرة ببليوجرافية
تبصرة ببليوجرافية,الخ يشتمل على إرجاعات ببليوجرافية.
650 #7 - المدخل الاضافى بالموضوع-مصطلح موضوعى
مصطلح موضوعي أو اسم جغرافي كعنصر مدخل قانون الإجراءات الجنائية
التقسيم الفرعي الجغرافي مصر.
مصدر الرأس أو المصطلح BUEsh
9 (RLIN) 41140
650 #7 - المدخل الاضافى بالموضوع-مصطلح موضوعى
مصطلح موضوعي أو اسم جغرافي كعنصر مدخل القانون الجنائي
التقسيم الفرعي الجغرافي مصر.
مصدر الرأس أو المصطلح BUEsh
9 (RLIN) 41146
651 ## - المدخل الاضافى بالموضوع - اسم جغرافى
مصدر الرأس أو المصطلح BUEsh
653 ## - مصطلح تكشيفى غير مقيد
Resource For college Law
Arrived date list March2017
942 ## - عناصر المدخل الإضافي( كوها)
مصدر التصنيف او مخطط الترفيف Dewey Decimal Classification
Holdings
حالة التراجع حالة الفقد مصدر التصنيف او خطة الترفيف تحديد مواد ( مجلدات مجمعه أو جزء أخر) حالة تلف ليس للاعارة مجموعات كوها المكان الدائم المكان الحالي موقع الترفيف تاريخ الاكتساب Source of acquisition سعر الشراء الطبيعي تعداد مسلسل / التسلسل الزمني رقم الاستدعاء الباركود Date last seen مُعار التكلفة نوع الوعاء
    Dewey Decimal Classification BOX07 Damaged   دار النهضة العربية Central Library Central Library First floor 22/03/2017 Purchase 90.00 2815 345.6205 م ح م 000041433 25/05/2022 26/02/2022 112.50 Book - Borrowing
    Dewey Decimal Classification       دار النهضة العربية Central Library Central Library First floor 22/03/2017 Purchase 90.00 2815 345.6205 م ح م 000041434 28/09/2025 05/03/2025 112.50 Book - Borrowing